Cairo, the Coptic museums & old churches /

محفوظ في:

المؤلف الرئيسي: Gabra, Gawdat. (مؤلف)

مؤلفون آخرون: Alcock, Anthony.

التنسيق: كتاب

اللغة: English

منشور في: Cairo : Egyptian International Publishing Company - Longman, c1993.

الموضوعات:

الوسوم: إضافة وسم

لا توجد وسوم, كن أول من يضع وسما على هذه التسجيلة!

رقم الطلب: BX134 .E3 G33 1993

LEADER 00835nam a2200241Ia 4500
003 OSt
005 20251020120243.0
008 211223s1993 ua ab b 001 0 eng d
020 |a 9771600818 
040 |c ARCE Library 
050 4 |a BX134 .E3 G33 1993 
100 1 |a Gabra, Gawdat.  |e author 
245 1 4 |a Cairo, the Coptic museums & old churches /   |c by Gawdat Gabra ; with contributions by Anthony Alcock. 
264 1 |a Cairo :   |b Egyptian International Publishing Company - Longman,   |c c1993. 
300 |a 143 p. :   |b ill., maps ;   |c 22 cm. 
504 |a Includes bibliographical references (p. 140-142) and index. 
610 2 0 |a Coptic Church   |x History. 
650 0 |a Coptic church buildings   |z Egypt. 
650 0 |a Christian antiquities   |z Egypt. 
700 1 |a Alcock, Anthony. 
901 |a reviewed 
942 |2 lcc  |c BK 
999 |c 41233  |d 41233